00630nam a2200193Ia 4500003000400000005001700004008004100021020001400062040002900076050002300105100002500128245006900153260003000222300002100252650002200273942001200295952011600307999001300423OSt20230804112731.0221021s9999||||xx |||||||||||||| ||und|| a070366055 cChuka University Library aBF 698 b.L37 2002 aLarsen, Randy J9552 0aPersonality Psychology: domains of Knowledge about human nature/ aBostonbMCGraw hillc2002 aVarious pagings  apersonality99792 cBK2lcc 001040708LGLaCHKbCHKcGENd2022-10-21l0oBF 698 .L37 2002p2046/2007r2022-10-21 00:00:00w2022-10-21yBK c461d461